| Поле | Инд. | ПП | Название | Значение |
|---|---|---|---|---|
| Тип записи | a | |||
| Библиографический уровень | m | |||
| 001 | Контрольный номер | DU/539700302 | ||
| 005 | Дата корректировки | 20251208103603.5 | ||
| 008 | Кодируемые данные | 20170206 | ||
| 022 | 0_ | a | ISSN | 1728-323Х |
| 041 | 0_ | a | Код языка текста | rus |
| 084 | a | Индекс другой классификации/Индекс ББК | 20 | |
| 090 | a | Полочн. индекс | 95.2+20 | |
| 099 | a | Индекс | 84127 | |
| 245 | 10 | a | Заглавие | Проблемы региональной экологии |
| n | Номер части/ раздела | №5/2016 | ||
| b | Продолж. заглавия | общественно-научный журнал | ||
| c | Ответственность | учредитель: Издательский дом "Камертон"; гл. ред. А. И. Ажгиревич ; 7-й Отдел Генерального штаба РККА | ||
| 246 | 01 | a | Другая форма заглавия | Regional environmental issues |
| 260 | c | Дата издания | 2016 | |
| b | Издательство | Камертон | ||
| a | Место издания | Москва | ||
| 300 | a | Объем | 80 с. | |
| 500 | a | Примечание | Журнал | |
| 650 | 14 | a | Основная рубрика | экология |
| 773 | 08 | w | Контрольный № источника | RU/IS/BASE/515084494 |
| 901 | t | Тип документа | s | |
| 952 | a | Тип литературы для КСУ ВШ | НЖ | |
| 991 | s | 3 |